[Event "Sachsen-Anhalt-ch op"]
[Site "Magdeburg"]
[Date "2022.10.31"]
[Round "5"]
[White "Niemietz, Peter"]
[Black "Noennig, Jakob"]
[Result "1/2-1/2"]
[WhiteElo "1491"]
[BlackElo "1503"]
[PlyCount "92"]
[EventDate "2022.10.29"]
[EventType "swiss"]
[EventRounds "7"]
[EventCountry "GER"]
[SourceTitle "CBM 211 Extra"]
[Source "ChessBase"]
[SourceDate "2023.01.31"]
[SourceVersion "1"]
[SourceVersionDate "2023.01.31"]
[SourceQuality "1"]

1. d4 d5 2. e3 Nf6 3. Bd3 e6 4. Nf3 Be7 5. 0-0 0-0 6. c3 c5 7. Nbd2 Nc6 8. dxc5 Bxc5 9. Qe2 e5 10. e4 Re8 11. Nb3 Bb6 12. Bg5 Bg4 13. Rad1 h6 14. Bxf6 Qxf6 15. Nbd2 d4 16. h3 Bh5 17. g4 Bg6 18. c4 Qf4 19. Ne1 Re6 20. Ng2 Qf6 21. a3 Bc7 22. Nf3 a5 23. Nfh4 Rd8 24. Nf5 Bxf5 25. gxf5 Ree8 26. Qg4 Kh7 27. h4 g6 28. Kh1 gxf5 29. exf5 Rg8 30. Qf3 Rg7 31. Be4 Rdg8 32. Rg1 Rg4 33. Kh2 Rxh4+ 34. Nxh4 Qxh4+ 35. Qh3 Qf4+ 36. Kh1 Qxe4+ 37. f3 Rxg1+ 38. Rxg1 Qf4 39. Rg4 Qc1+ 40. Rg1 Qe3 41. f6 e4 42. Qf5+ Kh8 43. Qc8+ Bd8 44. Qd7 Qxf3+ 45. Rg2 Qh5+ 46. Kg1 Qd1+ 1/2-1/2

[Event "Sachsen-Anhalt-ch op"]
[Site "Magdeburg"]
[Date "2022.10.29"]
[Round "2"]
[White "Morczynski, Joachim"]
[Black "Noennig, Jakob"]
[Result "1-0"]
[WhiteElo "1706"]
[BlackElo "1503"]
[PlyCount "69"]
[EventDate "2022.10.29"]
[EventType "swiss"]
[EventRounds "7"]
[EventCountry "GER"]
[SourceTitle "CBM 211 Extra"]
[Source "ChessBase"]
[SourceDate "2023.01.31"]
[SourceVersion "1"]
[SourceVersionDate "2023.01.31"]
[SourceQuality "1"]

1. e4 e5 2. Nf3 Nc6 3. Bc4 Bc5 4. c3 Nf6 5. d3 a6 6. a4 Ba7 7. 0-0 d6 8. Bb3 0-0 9. Bg5 Qe7 10. Nbd2 Nd8 11. d4 Ne6 12. Bxf6 Qxf6 13. dxe5 dxe5 14. Nc4 Nc5 15. Bc2 Rd8 16. Qe2 Bg4 17. Ne3 Bxf3 18. gxf3 Ne6 19. Kh1 Nf4 20. Qe1 Nh3 21. Bd1 Qh4 22. b4 Rd7 23. Ra2 Rad8 24. Bb3 Qf4 25. Qe2 Ng5 26. Kg2 Qh4 27. Rg1 Qh3+ 28. Kh1 Nxf3 29. Rg2 Rd2 30. Rxd2 Rxd2 31. Qc4 Qh5 32. Nf5 g5 33. Qxc7 h6 34. Bxf7+ Kf8 35. Qe7# 1-0

[Event "GER-chT Christmas U16 Steinitz"]
[Site "Playchess.com INT"]
[Date "2020.12.28"]
[Round "5.4"]
[White "Noennig, Jakob"]
[Black "Woltmann, Peter"]
[Result "1-0"]
[WhiteElo "1442"]
[BlackElo "1556"]
[PlyCount "87"]
[EventDate "2020.12.28"]
[EventType "team-swiss (blitz)"]
[EventRounds "7"]
[EventCountry "GER"]
[SourceTitle "CBM 200 Extra"]
[Source "ChessBase"]
[SourceDate "2021.03.31"]
[SourceVersion "1"]
[SourceVersionDate "2021.03.31"]
[SourceQuality "1"]
[WhiteTeam "Magdeburg Schachzwerge"]
[BlackTeam "Kiel Doppelbauer"]
[WhiteTeamCountry "GER"]
[BlackTeamCountry "GER"]

1. e4 g6 2. d4 c5 3. c3 b6 4. Be2 Bg7 5. Bf3 Bb7 6. e5 Bxf3 7. Nxf3 Nc6 8. Be3 d6 9. exd6 exd6 10. 0-0 Nf6 11. Bg5 0-0 12. Qa4 Qc7 13. Nbd2 a6 14. dxc5 dxc5 15. Qh4 Nd5 16. Ne4 Ne5 17. Nxe5 Qxe5 18. Rae1 Qf5 19. Ng3 Qc2 20. Re2 Qd3 21. Rd2 Qb5 22. c4 Qa4 23. cxd5 Qxa2 24. b4 Qa4 25. bxc5 Qd7 26. cxb6 Rab8 27. Be3 Bc3 28. Ne4 Bg7 29. Bh6 f5 30. Bxg7 Kxg7 31. Nc5 Qd6 32. Ne6+ Kg8 33. Nxf8 Qxf8 34. Rb1 a5 35. d6 Qe8 36. d7 Qf8 37. d8Q Rxd8 38. Rxd8 Qxd8 39. Qxd8+ Kf7 40. Qd6 f4 41. g4 g5 42. Rc1 Ke8 43. Rc7 a4 44. Qe7# 1-0

[Event "GER-ch U10"]
[Site "Willingen"]
[Date "2020.10.31"]
[Round "7"]
[White "Theviot, Luca"]
[Black "Noennig, Jakob"]
[Result "1-0"]
[WhiteElo "1423"]
[BlackElo "1442"]
[PlyCount "195"]
[EventDate "2020.10.26"]
[EventType "swiss"]
[EventRounds "7"]
[EventCountry "GER"]
[SourceTitle "CBM 199 Extra"]
[Source "ChessBase"]
[SourceDate "2021.01.31"]
[SourceVersion "1"]
[SourceVersionDate "2021.01.31"]
[SourceQuality "1"]

1. d4 Nf6 2. Nf3 d5 3. e3 Bf5 4. Bd3 Bg6 5. 0-0 Nbd7 6. Nbd2 e6 7. Re1 c5 8. Bxg6 hxg6 9. e4 dxe4 10. Nxe4 Nxe4 11. Rxe4 cxd4 12. Nxd4 Qc7 13. Nf3 Bd6 14. h3 Nf6 15. Re1 Rd8 16. Qe2 Nd5 17. Bg5 Rd7 18. Rad1 0-0 19. c3 Re8 20. Rxd5 Bh2+ 21. Nxh2 Rxd5 22. Nf3 Qa5 23. b4 Qc7 24. c4 Rd7 25. c5 f6 26. Bd2 e5 27. Rc1 Red8 28. Qc4+ Kh7 29. Be1 Rd1 30. Qc2 R1d3 31. Nd2 Qc6 32. Nc4 R3d7 33. Nd6 b6 34. a3 bxc5 35. bxc5 Rb8 36. Bb4 f5 37. Kh2 Re7 38. Rg1 Rf8 39. g4 fxg4 40. Rxg4 Rf6 41. Rh4+ Kg8 42. Qe4 Qxe4 43. Nxe4 Rc6 44. Kg2 Kf7 45. Nd6+ Ke6 46. Rg4 Kd7 47. Rc4 Re6 48. Rc3 a6 49. Kf3 Rf6+ 50. Ke3 Rf4 51. Nb7 Rh4 52. Ke2 Rf4 53. Na5 Rc7 54. c6+ Ke6 55. Rd3 Rd4 56. Rxd4 exd4 57. Kd3 Kd5 58. Bd2 Kc5 59. Bf4 Rc8 60. c7 Kb6 61. Nb3 Kb7 62. Nxd4 a5 63. Nb5 Kb6 64. Nc3 Kc6 65. Kd4 g5 66. Bg3 g6 67. a4 Kb7 68. Nd5 Ra8 69. Ne7 Re8 70. c8Q+ Rxc8 71. Nxc8 Kxc8 72. Kc5 Kb7 73. Kb5 Ka8 74. Kxa5 Ka7 75. Kb5 Kb7 76. Kc5 Ka6 77. Kd6 Ka5 78. Ke6 Kxa4 79. Kf6 Kb5 80. Kxg5 Kc5 81. Kxg6 Kd5 82. h4 Ke6 83. h5 Ke7 84. Kg7 Ke6 85. h6 Kf5 86. h7 Kg4 87. h8Q Kf5 88. Qh5+ Ke4 89. Kf6 Kd4 90. Qe5+ Kc4 91. Qd6 Kc3 92. Ke5 Kc4 93. Qd4+ Kb3 94. Qc5 Kb2 95. Kd4 Kb1 96. Kd3 Kb2 97. Qc2+ Ka1 98. Be5# 1-0

[Event "GER-chT School WK GS"]
[Site "Playchess.com INT"]
[Date "2020.06.18"]
[Round "6.1"]
[White "Fischer, Lorenz"]
[Black "Noennig, Jakob"]
[Result "0-1"]
[WhiteElo "1787"]
[BlackElo "1822"]
[PlyCount "54"]
[EventDate "2020.06.11"]
[EventType "team-swiss (blitz)"]
[EventRounds "7"]
[EventCountry "GER"]
[SourceTitle "EXT 2021"]
[Source "ChessBase"]
[SourceDate "2020.10.23"]
[SourceVersion "1"]
[SourceVersionDate "2020.10.23"]
[SourceQuality "1"]
[WhiteTeam "Tegernsee"]
[BlackTeam "Hopfengarten Sah"]
[WhiteTeamCountry "GER"]
[BlackTeamCountry "GER"]

1. e4 e5 2. Nf3 Nc6 3. Bc4 Bc5 4. c3 Nf6 5. d4 exd4 6. cxd4 Bb4+ 7. Nc3 d5 8. exd5 Nxd5 9. 0-0 Nf6 10. d5 Ne7 11. Bb5+ c6 12. dxc6 bxc6 13. Ba4 0-0 14. a3 Ba5 15. b4 Bb6 16. Bg5 Ned5 17. Bxf6 Nxf6 18. Bxc6 Rb8 19. b5 Qc7 20. Qc2 a6 21. a4 axb5 22. axb5 Bb7 23. Bxb7 Qxb7 24. g3 Qxf3 25. Rfe1 Ng4 26. Rad1 Bxf2+ 27. Kf1 Nxh2# 0-1

[Event "GER-chT School WK GS"]
[Site "Playchess.com INT"]
[Date "2020.06.11"]
[Round "3.1"]
[White "Jumah, Shayan"]
[Black "Noennig, Jakob"]
[Result "1-0"]
[WhiteElo "1742"]
[BlackElo "1822"]
[PlyCount "129"]
[EventDate "2020.06.11"]
[EventType "team-swiss (blitz)"]
[EventRounds "7"]
[EventCountry "GER"]
[SourceTitle "EXT 2021"]
[Source "ChessBase"]
[SourceDate "2020.10.23"]
[SourceVersion "1"]
[SourceVersionDate "2020.10.23"]
[SourceQuality "1"]
[WhiteTeam "Trier Tarf RP"]
[BlackTeam "Hopfengarten Sah"]
[WhiteTeamCountry "GER"]
[BlackTeamCountry "GER"]

1. e4 e5 2. Nf3 Nc6 3. Bb5 a6 4. Ba4 Bc5 5. 0-0 b5 6. Bb3 Nf6 7. Nxe5 Nxe5 8. d4 Bxd4 9. Qxd4 Nc6 10. Qd1 0-0 11. f3 d6 12. Be3 Be6 13. Bxe6 fxe6 14. Bf2 e5 15. Nd2 Re8 16. Re1 Qd7 17. Nf1 Rad8 18. Ng3 Nh5 19. Nxh5 Qe6 20. Ng3 Rf8 21. Qd2 Qg6 22. Rad1 Rf6 23. Qd5+ Kf8 24. Qxc6 Rf7 25. Qxa6 b4 26. Qc4 Rb8 27. Ba7 Rb7 28. Bf2 h6 29. Qc6 Rb8 30. Ba7 Re8 31. Qb5 c5 32. Qb6 Re6 33. Qb8+ Ke7 34. Qc7+ Kf6 35. Qb6 Kg5 36. h4+ Kxh4 37. Nf5+ Kg5 38. g4 d5 39. Qxc5 d4 40. c3 h5 41. cxd4 hxg4 42. fxg4 Kf6 43. dxe5+ Kg5 44. Rd2 Qh7 45. Qe3+ Kg6 46. Rd6 Rxd6 47. exd6 Rf8 48. Ne7+ Kf7 49. Rf1+ Ke8 50. Rxf8+ Kxf8 51. Qf4+ Ke8 52. Nc6 Qg8 53. Qe5+ Kd7 54. Nb8+ Kc8 55. Qc5+ Kb7 56. Qb6+ Ka8 57. d7 Qxa2 58. d8Q Qb1+ 59. Kh2 Qxb2+ 60. Qf2 Qe5+ 61. Kh3 Qc3+ 62. Qg3 Qc1 63. Nc6+ Kb7 64. Qgc7+ Ka6 65. Qb6# 1-0

[Event "GER-ch Net blitz qual4"]
[Site "Playchess.com INT"]
[Date "2020.03.23"]
[Round "4"]
[White "Noennig, Jakob"]
[Black "Lanz, Juergen"]
[Result "0-1"]
[WhiteElo "1442"]
[BlackElo "1559"]
[PlyCount "22"]
[EventDate "2020.03.23"]
[EventType "swiss (blitz)"]
[EventRounds "9"]
[EventCountry "GER"]
[SourceTitle "CBM 195 Extra"]
[Source "ChessBase"]
[SourceDate "2020.05.31"]
[SourceVersion "1"]
[SourceVersionDate "2020.05.31"]
[SourceQuality "1"]

1. e4 c5 2. Nf3 Nc6 3. d4 cxd4 4. Nxd4 e5 5. Nb3 d6 6. Nc3 Nf6 7. Bg5 a6 8. Nd5 Be6 9. Nxf6+ gxf6 10. Bh4 Be7 11. Bd3 Qd7 0-1

[Event "GER-chT U10"]
[Site "Magdeburg"]
[Date "2019.12.29"]
[Round "6.2"]
[White "Noennig, Jakob"]
[Black "Bangiev, Katharina"]
[Result "0-1"]
[WhiteElo "1153"]
[BlackElo "1239"]
[PlyCount "72"]
[EventDate "2019.12.27"]
[EventType "team-swiss"]
[EventRounds "7"]
[EventCountry "GER"]
[SourceTitle "CBM 194 Extra"]
[Source "ChessBase"]
[SourceDate "2020.03.31"]
[SourceVersion "1"]
[SourceVersionDate "2020.03.31"]
[SourceQuality "1"]
[WhiteTeam "Magdeburg Schachzwerge"]
[BlackTeam "Bemerode"]
[WhiteTeamCountry "GER"]
[BlackTeamCountry "GER"]

1. e4 d6 2. Nf3 g6 3. d4 Bg7 4. Nc3 Nf6 5. Bc4 0-0 6. Bf4 Nc6 7. 0-0 Bg4 8. d5 Bxf3 9. Qxf3 Nd4 10. Qd3 e5 11. dxe6 Nxe6 12. Bg3 Nc5 13. Qe3 Re8 14. Bh4 Qd7 15. Bxf6 Bxf6 16. f3 Ne6 17. Bxe6 fxe6 18. Rad1 c6 19. e5 Bd8 20. Rxd6 Qxd6 21. exd6 Bb6 22. Qxb6 axb6 23. Rd1 Red8 24. d7 Kf7 25. Ne4 Ke7 26. a3 h6 27. Re1 Rxd7 28. Ng3 Rad8 29. Ne4 Rd1 30. Kf2 Rxe1 31. Kxe1 Rd5 32. c4 Rd4 33. b3 Rd3 34. Nd2 Kd6 35. Ke2 Rd4 36. Ne4+ Ke5 0-1

[Event "GER-chT U10"]
[Site "Magdeburg"]
[Date "2019.12.29"]
[Round "7.3"]
[White "Wartenberg, Alissa"]
[Black "Noennig, Jakob"]
[Result "1-0"]
[WhiteElo "1361"]
[BlackElo "1153"]
[PlyCount "139"]
[EventDate "2019.12.27"]
[EventType "team-swiss"]
[EventRounds "7"]
[EventCountry "GER"]
[SourceTitle "CBM 194 Extra"]
[Source "ChessBase"]
[SourceDate "2020.03.31"]
[SourceVersion "1"]
[SourceVersionDate "2020.03.31"]
[SourceQuality "1"]
[WhiteTeam "Hamburger SK"]
[BlackTeam "Magdeburg Schachzwerge"]
[WhiteTeamCountry "GER"]
[BlackTeamCountry "GER"]

1. e4 e5 2. Nf3 Nc6 3. Nc3 Nf6 4. d4 exd4 5. Nxd4 Qe7 6. Nxc6 dxc6 7. Bg5 Bf5 8. Bxf6 gxf6 9. Qf3 Bd7 10. 0-0-0 0-0-0 11. Qe3 b6 12. Ba6+ Kb8 13. Bd3 Be6 14. f4 Bh6 15. Qf2 Bg4 16. Rdf1 Rhg8 17. Qh4 Qf8 18. Qxf6 Bd7 19. Rhg1 Rg6 20. Qh4 f6 21. h3 Re8 22. Kb1 Rg8 23. e5 f5 24. Bc4 Be6 25. Bxe6 Rxe6 26. Qf2 Qf7 27. Qe2 Bf8 28. Rd1 Bh6 29. Qf3 Qe7 30. Rd3 Rd8 31. Rxd8+ Qxd8 32. Rd1 Qh4 33. g3 Qxh3 34. Rh1 Qg4 35. Qxg4 fxg4 36. a3 Bf8 37. Rxh7 Re8 38. Rh8 Kc8 39. Ne4 c5 40. Rg8 a5 41. Nf6 Rd8 42. Nxg4 Be7 43. Rxd8+ Kxd8 44. Nf6 Bf8 45. g4 Bg7 46. g5 Ke7 47. Nh5 Bf8 48. g6 Ke6 49. g7 Bxg7 50. Nxg7+ Kf7 51. Nf5 Kg6 52. Ne3 c6 53. f5+ Kf7 54. e6+ Ke7 55. Ng4 Kf8 56. f6 b5 57. e7+ Ke8 58. Ne5 c4 59. Nxc6 a4 60. Nd4 b4 61. Nf5 bxa3 62. Nd6+ Kd7 63. e8Q+ Kxd6 64. f7 axb2 65. f8Q+ Kd5 66. Qfe7 a3 67. Q8d8+ Kc6 68. Qec7+ Kb5 69. Qdb8+ Ka4 70. Qca7# 1-0